000 00431cam a22001217a 4500
008 180718b1979 xxu||||| |||| 00| 0 eng d
082 _aA81x54 In2/71/8/PT6B/B
100 _aCensus of India 1971
245 _aJammu and Kashmir: special survey reports on selected towns-Bandipore
260 _aDelhi
_bThe Controller of Publications
_c1979
300 _a447+p.
440 _aCensus of India 1971. Series-8, Jammu and Kashmir. Part-VI-B
999 _c485112
_d485112